000 00663nam a2200229 a 4500
001 67533
003 BD-RjUL
005 20211209081652.0
008 170325s1947 xx a 001 0 eng d
035 _a(BD-RjUL)67664
040 _aDLC
_cFO
_dUk
_dDLC
_d(BD-RjUL)
_beng
041 _aeng
082 _223
_a621.57
_bMOP 1947
100 1 _aMotz,William H.
_944008
245 0 0 _aPrinciples of refrigeration /
_cWilliam H. Motz.
250 _a3rd rev. ed.
260 _aChicago :
_bNickerson & Collins,
_c1947
300 _avi, 666 p. :
_bill ;
_c25 cm.
504 _aIncludes index
650 0 _aRefrigeration and refrigerating machinery.
_941167
942 _2ddc
_cBK
999 _c67533
_d67533